000 01079cam a22002771i 4500
003 SA-RiAUC
005 20250119125421.0
008 250117s1984 su f b 00000 ara c
040 _aSA-RiAUC
_bara
_cSA-RiAUC
_erda
082 0 4 _a345
_qSA-RiAUC
090 _a345
_b ح س ن
100 1 _aحسنين، عزت
_eمؤلف.
245 1 2 _aالنظرية العامة للجريمة بين الشريعة والقانون /
_cتأليف عزت حسنين.
250 _aالطبعة الأولى.
264 1 _aالرياض :
_bدار العلوم للطباعة والنشر،
_c1984
300 _a132 صفحة ؛
_c23 سم
336 _aنص
_btxt
_2rdacontent
_3كتاب
337 _aبدون وسيط
_bn
_2rdamedia
338 _aمجلد
_bnc
_2rdacarrier
504 _aيشتمل على إرجاعات ببليوجرافية.
650 7 _aالجريمة والمجرمون
_2aucsh
650 7 _aالقانون الجنائي
_2aucsh
650 7 _aالعقوبات (فقه إسلامي)
_2aucsh
942 _2ddc
_cBOOK
_n0
949 _aSA-JeALM
_d250117
_umohamedma123
_n1
999 _c4973
_d4973